Forest inventory : methodology and applications
Αποθηκεύτηκε σε:
| Άλλοι συγγραφείς: | , |
|---|---|
| Μορφή: | Βιβλίο |
| Γλώσσα: | English |
| Δημοσίευση: |
Dordrecht :
Springer,
2007, 2006
|
| Σειρά: | Managing forest ecosystems ;
; 10 |
| Θέματα: | |
| Ετικέτες: |
Προσθήκη ετικέτας
Δεν υπάρχουν, Καταχωρήστε ετικέτα πρώτοι!
|
MARC
| LEADER | 00000nam a2200000 i 4500 | ||
|---|---|---|---|
| 001 | 1/86850 | ||
| 008 | 080528r20072006 eng d | ||
| 020 | |a 978-1-4020-4379-6 (hbk.) | ||
| 020 | |a 1-4020-4379-1 (hbk.) | ||
| 035 | |l 10097746 | ||
| 040 | |a GR-MY-UA |b gre |e aacr | ||
| 041 | 0 | |a eng | |
| 082 | 0 | |a 634.9285 |2 (22) | |
| 245 | 1 | 0 | |a Forest inventory : |b methodology and applications / |c edited by Annika Kangas and Matti Maltamo |
| 260 | |a Dordrecht : |b Springer, |c 2007, 2006 | ||
| 300 | |a xix, 362 σ.; |b εικ. (μερ. έγχρ.), χάρτες (μερ. έγχρ.); |c 25 εκ. | ||
| 490 | 1 | |a Managing forest ecosystems |v ; 10 | |
| 504 | |a Περιέχει βιβλιογραφικές παραπομπές | ||
| 650 | 0 | 0 | |a Forest mapping. |
| 650 | 0 | 0 | |a Forest surveys. |
| 700 | 0 | |a Kangas, Annika. |4 edt | |
| 700 | 1 | |a Maltamo, Matti. |4 edt | |
| 830 | 0 | |a Managing forest ecosystems ; |v ; 10 | |
| 852 | |a INST |b LESVOS |e 20080528 |h 634.9285 FOR |p 005100041555 |q 005100041555 |t BK |y 0 | ||
| 901 | |a BIBL1-2008-2 | ||
| 909 | |a Λ |b 152051 | ||
| 922 | |a 1ΕΛΗ |b 200803 |c ΕΠΕΑΕΚ2/ΤΓ |d ΕΛΕΥΘΕΡΟΥΔΑΚΗΣ | ||
| 970 | |a ΚΑΡΑ |b ΓΙΑΣΕΜΗ |z 2008/05/28 | ||